Diary of a journey from the Mississippi to the coasts of the Pacific with a United States Government expedition /

Bibliographic Details
Main Author: Möllhausen, Balduin, 1825-1905
Format: Book
Language:English
Undetermined
Published: London : Longman, Brown, Green, Longmans & Roberts, 1858.
Subjects:

MARC

Tag First Indicator Second Indicator Subfields
LEADER 00000cam a2200000 4500
001 in00000665017
005 20151015092838.0
008 801017r19601858miuab a 00000 eng d
035 |a (OCoLC)06835996 
035 |9 ACY7246AM 
040 |a EEU  |c TXA  |d UtOrBLW 
041 1 |a eng  |a und 
049 |a TXAI 
090 |a F591  |b .M604 
099 |a film  |a B  |a 1512  |a reel  |a 123.6 
100 1 |a Möllhausen, Balduin,  |d 1825-1905. 
245 1 0 |a Diary of a journey from the Mississippi to the coasts of the Pacific with a United States Government expedition /  |c With an introd. by Alexander von Humboldt. Translated by Mrs. Percy Sinnett. 
264 1 |a London :  |b Longman, Brown, Green, Longmans & Roberts,  |c 1858. 
300 |a 2 volumes :  |b illustrations, folded map. 
336 |a text  |b txt  |2 rdacontent 
337 |a microform  |b h  |2 rdamedia 
338 |a microfilm reel  |b hd  |2 rdacarrier 
500 |a Collation of the original. 
500 |a Microfilm copy (positive) made in 1960 by University Microfilms, Ann Arbor, Mich. (American culture series, Reel 123.6) 
500 |a Microform. 
650 0 |a Overland journeys to the Pacific. 
651 0 |a West (U.S.)  |x Description and travel. 
651 0 |a United States  |x Discovery and exploration. 
999 |a MARS 
999 f f |s 46274eee-12a0-3e35-87be-ed5087ac911b  |i f6a5fe4f-000a-3b35-be79-c70dd1b997ea  |t 0 
952 f f |p default  |a Texas A&M University  |b College Station  |c Sterling C. Evans Library  |d Evans: Microforms (3rd floor)  |t 0  |e film B 1512 reel 123.6  |h Other scheme  |i microform -- microfilm reel 
998 f f |a film B 1512 reel 123.6  |t 0  |l Evans: Microforms (3rd floor)